00853nam a2200253 a 450000100060000000300080000600500170001400800410003103500160007203500360008804000270012404100080015108200220015910000310018124500800021225000150029226000490030730000250035650001120038165000150049374000220050874000190053083000500054920948BD-RjUL20211209000630.0140302r19501932enk 000 0 eng d aoxf98005093 a(OCoLC)58817898a(BD-RjUL)21010 aCSFcCSFbengdBD-RjUL aeng a610.69bSHD 19501 aShaw, Bernard,d1856-1950.10aDoctors' delusions Crude criminology and Sham education /cby Bernard Shaw a[Rev. ed.] aLondon :bConstable,c1931 [Reprinted 1950] axii, 372 p. ;c21 cm aFirst published in the Limited Collected Edition 1931; revised and reprinted for this Standard Edition 1932 aPhysicians0 aCrude criminology0 aSham education 0aStandard edition of the works of Bernard Shaw